Rahul's topper's voice J.N.T.U. M.B.A IV semester strategic management: (Record no. 28130)

MARC details
000 -LEADER
fixed length control field 00903nam a22002174a 4500
005 - DATE AND TIME OF LATEST TRANSACTION
control field 20090709160143.0
008 - FIXED-LENGTH DATA ELEMENTS--GENERAL INFORMATION
fixed length control field 070417s2007 ncua b 001 0 eng
010 ## - LCCN (DPL NO)
LC control number ENG-94334
020 ## - INTERNATIONAL STANDARD BOOK NUMBER
Terms of availability 250.00
035 ## - SYSTEM CONTROL NUMBER
System control number EN-77867
037 ## - SOURCE OF ACQUISITION
Source of stock number/acquisition DBAD / VEN
040 ## - CATALOGING SOURCE
Original cataloging agency dpl
Language of cataloging English
082 ## - DEWEY DECIMAL CLASSIFICATION NUMBER
Classification number 658.4012
245 ## - TITLE STATEMENT
Title Rahul's topper's voice J.N.T.U. M.B.A IV semester strategic management:
Statement of responsibility, etc by Well Experienced Lecturer
Remainder of title study manual /
260 ## - PUBLICATION, DISTRIBUTION, ETC. (IMPRINT)
Place of publication, distribution, etc Hyderabad
Name of publisher, distributor, etc Rahul Publications
Date of publication, distribution, etc (200?)
270 ## - ADDRESS
City Hyderabad
Postal code 195
300 ## - PHYSICAL DESCRIPTION
Extent Various pagings
Dimensions 25cm(pbk)
942 ## - ADDED ENTRY ELEMENTS (KOHA)
Source of classification or shelving scheme Dewey Decimal Classification
Item type English Books
Call number suffix RAH
Classification part 658.4012
Holdings
Withdrawn status Lost status Source of classification or shelving scheme Damaged status Not for loan Collection code Home library Current library Date acquired Source of acquisition Cost, normal purchase price Total Checkouts Full call number Barcode Date last seen Copy number Cost, replacement price Koha item type
    Dewey Decimal Classification   Not For Loan Non-fiction D.B.Act.Division D.B.Act.Division 09/07/2009 DBAD / VEN 250.00   658.4012 RAH EN-77867 09/07/2009 1 250.00 English Books

© Delhi Public Library
Hit Counter
free hit counter